MARC details
| 000 -CABECERA |
| campo de control de longitud fija |
00866nam a2200217 a 4500 |
| 001 - NÚMERO DE CONTROL |
| campo de control |
000041870 |
| 005 - FECHA Y HORA DE LA ÚLTIMA TRANSACCIÓN |
| campo de control |
20201002035812.0 |
| 008 - DATOS DE LONGITUD FIJA--INFORMACIÓN GENERAL |
| campo de control de longitud fija |
131018s2000 sp 000 0 spa d |
| 020 ## - NÚMERO INTERNACIONAL ESTÁNDAR DEL LIBRO |
| Número Internacional Estándar del Libro |
8400078683 |
| 040 ## - FUENTE DE LA CATALOGACIÓN |
| Centro catalogador/agencia de origen |
DO-SdBNP |
| Lengua de catalogación |
spa |
| Centro/agencia transcriptor |
BNPHU |
| 082 ## - NÚMERO DE LA CLASIFICACIÓN DECIMAL DEWEY |
| Número de clasificación |
xxxx |
| Número de documento/Ítem |
xxxx |
| 100 1# - ENTRADA PRINCIPAL--NOMBRE DE PERSONA |
| Nombre de persona |
Peralta Ruiz, Víctor |
| 9 (RLIN) |
67881 |
| 245 10 - MENCIÓN DE TÍTULO |
| Título |
Por la Concordia, la Fusión y el Unitarismo. : |
| Resto del título |
estado y caudillismo en Bolivia, 1825-1880. / |
| Mención de responsabilidad, etc. |
Víctor Peralta Ruiz, Marta Irurozqui Victoriano. |
| 260 ## - PUBLICACIÓN, DISTRIBUCIÓN, ETC. |
| Lugar de publicación, distribución, etc. |
Madrid, : |
| Nombre del editor, distribuidor, etc. |
Consejo Superior de Investigaciones Científicas |
| -- |
Departamento de Historia de América, |
| Fecha de publicación, distribución, etc. |
2000. |
| 300 ## - DESCRIPCIÓN FÍSICA |
| Extensión |
277 p. ; |
| Dimensiones |
24 cm. |
| 490 1# - MENCIÓN DE SERIE |
| Mención de serie |
Tierra nueva e cielo nuevo |
| Designación de volumen o secuencia |
41 |
| 504 ## - NOTA DE BIBLIOGRAFÍA, ETC. |
| Nota de bibliografía, etc. |
Bibliografía primaria p: 255-260 |
| 504 ## - NOTA DE BIBLIOGRAFÍA, ETC. |
| Nota de bibliografía, etc. |
Bibliografía secundaria p: 261-277 |
| 700 1# - PUNTO DE ACCESO ADICIONAL--NOMBRE DE PERSONA |
| Nombre de persona |
Irurozqui Victoriano, Marta |
| 9 (RLIN) |
68608 |
| 830 #0 - PUNTO DE ACCESO ADICIONAL DE SERIE-TÍTULO UNIFORME |
| Título uniforme |
Tierra nueva e cielo nuevo |
| Designación de volumen o secuencia |
41 |
| 9 (RLIN) |
15388 |